00357nam a2200121Ia 4500008004100000041001200041082002300053100002100076245009500097260001600192300001200208650001500220231217s9999 xx 000 0 und d aEnglish a001.6424FOR BOI;2 aBoillot, Michael 0aUnderstanding Fortran 77: With structured problem solving: With structured problem solving c1984bJaico axvi+592 aFortran 77